|
|
|
|
| LEADER |
00000nam0a2200000 4500 |
| 001 |
287841 |
| 005 |
20231102000029.0 |
| 020 |
|
|
|a RU
|b 85-65707
|
| 035 |
|
|
|a (RuTPU)RU\TPU\book\312276
|
| 090 |
|
|
|a 287841
|
| 100 |
|
|
|a 20150319d1985 k y0rusy5003 ca
|
| 101 |
0 |
|
|a rus
|
| 102 |
|
|
|a UA
|
| 105 |
|
|
|a a l 000zy
|
| 200 |
1 |
|
|a Рекомендации по проектированию и устройству фундаментов из буронабивных свай и опор-колонн
|f Научно-исследовательский институт строительного производства Госстроя УССР
|
| 210 |
|
|
|a Киев
|c Будiвельник
|d 1985
|
| 215 |
|
|
|a 80 с.
|d 21 см
|c ил.
|
| 606 |
1 |
|
|a Свайные фундаменты
|2 stltpush
|3 (RuTPU)RU\TPU\subj\53900
|9 72064
|
| 610 |
1 |
|
|a буронабивные сваи
|
| 610 |
1 |
|
|a буровые опоры-колонны
|
| 610 |
1 |
|
|a статические испытания
|
| 610 |
1 |
|
|a проектирование
|
| 610 |
1 |
|
|a расчет
|
| 610 |
1 |
|
|a свайные ростверки
|
| 610 |
1 |
|
|a организация работы
|
| 610 |
1 |
|
|a технология
|
| 610 |
1 |
|
|a возведение
|
| 610 |
1 |
|
|a рекомендации
|
| 675 |
|
|
|a 624.154
|z rus
|v 3
|
| 712 |
0 |
2 |
|a Научно-исследовательский институт строительного производства Госстроя УССР
|2 stltpush
|3 (RuTPU)RU\TPU\col\13847
|9 25798
|
| 801 |
|
0 |
|a RU
|b RuMRKP
|c 19950704
|g psbo
|
| 801 |
|
1 |
|a RU
|b 63413507
|c 20150319
|
| 801 |
|
2 |
|a RU
|b 63413507
|c 20160926
|g RCR
|
| 942 |
|
|
|c BK
|